E235系が定期列車で乗り入れる駅 - Statistics

General Stats
  • This quiz has been taken 34 times
  • The average score is 89 of 97
Answer Stats
Answer % Correct
東京
100%
神田
100%
秋葉原
100%
御徒町
100%
上野
100%
鶯谷
100%
日暮里
100%
西日暮里
100%
田端
100%
駒込
100%
巣鴨
100%
大塚
100%
池袋
100%
目白
100%
高田馬場
100%
新大久保
100%
新宿
100%
代々木
100%
原宿
100%
渋谷
100%
恵比寿
100%
目黒
100%
五反田
100%
大崎
100%
品川
100%
高輪ゲートウェイ
100%
田町
100%
浜松町
100%
新橋
100%
有楽町
100%
品川
100%
新橋
100%
東京
100%
新日本橋
100%
馬喰町
100%
久里浜
97%
大船
97%
戸塚
97%
保土ケ谷
97%
横浜
97%
武蔵小杉
97%
西大井
97%
錦糸町
97%
新小岩
97%
市川
97%
船橋
97%
津田沼
97%
千葉
97%
四街道
97%
佐倉
97%
蘇我
97%
成田
97%
成田空港
97%
空港第2ビル
97%
横須賀
94%
逗子
94%
鎌倉
94%
東戸塚
94%
稲毛
94%
八街
94%
成東
94%
田浦
90%
北鎌倉
90%
新川崎
90%
都賀
90%
物井
90%
上総一ノ宮
90%
五井
90%
姉ケ崎
90%
木更津
90%
君津
90%
南酒々井
87%
鎌取
87%
誉田
87%
酒々井
87%
衣笠
84%
東逗子
84%
本千葉
84%
土気
84%
大網
84%
茂原
84%
袖ケ浦
84%
佐原
84%
香取
84%
十二橋
84%
潮来
84%
鹿島神宮
84%
八幡宿
77%
下総神崎
77%
日向
74%
浜野
74%
長浦
74%
榎戸
71%
大戸
65%
滑河
61%
延方
61%
久住
58%
No matching quizzes found
Score Distribution
Percent of People with Each Score
Percentile by Number Answered
Your Score History
You have not taken this quiz